| 000 | 00936nam a2200217Ia 4500 | ||
|---|---|---|---|
| 999 |
_c40235 _d40235 |
||
| 001 | 6843 | ||
| 003 | GE_BSU | ||
| 005 | 20200210150701.0 | ||
| 008 | 181216s1990||||ge |||||||||||||| ||g || | ||
| 040 | _cGE_BSU | ||
| 041 | _ageo | ||
| 080 | _a82-93:821.353.1-32 გ-59 | ||
| 100 |
_aგოგებაშვილი, იაკობ. _96947 |
||
| 245 |
_aთავდებული ქართველნი : _bისტორიული მოთხრობანი / _cიაკობ გოგებაშვილი ; რედ. ლ. ჯავიაშვილი. |
||
| 264 |
_aთბილისი : _bგანათლება, _c1990. |
||
| 300 |
_a32 გვ. ; _c20 სმ. |
||
| 653 | _aთავდებული ქართველნი | ||
| 653 | _aისტორიული მოთხრობა | ||
| 700 |
_aთუხარელი, ნ. _eრედაქტორი _9303 |
||
| 942 |
_cBK _2udc |
||